000 00552nam a2200205Ia 4500
003 OSt
005 20250816120630.0
008 210210b2008 xxu||||| |||| 00| 0 eng d
020 _a9788190656672
040 _cAL
041 _aeng
082 _a576.15 MOHT
100 _aPradipta K Mohapatra
_9235985
245 _aTextbook of environmental microbiology
260 _aNew Delhi
_bI K International Publishing House Pvt. Ltd.
_c2008
300 _axii,533p
690 _aEnvironmental Microbiology
_9235990
906 _a068689
942 _2ddc
_cBK
999 _c152868
_d152868